[Event "EU-ch U12 Girls 31st"]
[Site "Mamaia"]
[Date "2023.09.12"]
[Round "7"]
[White "Nitu, Maria Roxana"]
[Black "Ashotia, Barbare"]
[Result "0-1"]
[WhiteElo "1325"]
[BlackElo "1480"]
[PlyCount "68"]
[EventDate "2023.09.05"]
[EventType "swiss"]
[EventRounds "9"]
[EventCountry "ROU"]
[SourceTitle "EXT 2024"]
[Source "ChessBase"]
[SourceDate "2023.10.10"]
[SourceVersion "1"]
[SourceVersionDate "2023.10.10"]
[SourceQuality "1"]

1. e4 c5 2. Nc3 Nc6 3. f4 e6 4. Nf3 d5 5. Bb5 Nf6 6. Bxc6+ bxc6 7. e5 Nd7 8. 0-0 Be7 9. d3 0-0 10. Qe1 Ba6 11. Qg3 c4 12. f5 Kh8 13. f6 gxf6 14. exf6 Bxf6 15. Ng5 cxd3 16. cxd3 Bxg5 17. Bxg5 f6 18. Bh6 Rg8 19. Qh3 Qb6+ 20. Rf2 Ne5 21. d4 Qxd4 22. Rd1 Qg4 23. Qe3 Qg6 24. h3 c5 25. Qd2 Nd3 26. Re2 Nxb2 27. Qxb2 Bxe2 28. Qxe2 Qxh6 29. Qxe6 Rae8 30. Qf5 Qe3+ 31. Kh1 Qxc3 32. Rxd5 Qe1+ 33. Kh2 Qg3+ 34. Kg1 Qxg2# 0-1